000 00560ntaaa2200193 4500
003 01
005 20251027202726.0
008 0714s1973 ag 01
040 _aAR-BaBN
_bspa
_cAR-BaBN
_eaacr
_dRIC
082 _a643.3 M98
100 _aMuzio, Norberto M.
_927147
245 _aLa cocina /
_cNorberto M. Muzio
260 _aBuenos Aires :
_bEdit. Contempora,
_cc1955
300 _a84 p.
500 _aBases para la disposición de muebles y equipos
500 _aBAJA PATRIMONIAL POR OBSOLESCENCIA 20190405
650 _aDiseƱo de interiores
942 _cBK
999 _c22497
_d22497